000 00661nam a2200253Ia 4500
001 30265
005 20240114001440.0
007 ta
008 060718s1345 g b000 u 346 u
040 _aCotton College,Assam
041 _a346
082 _a891.442
_bC 392 D
100 _aChattopadhyaya, Bankim Ch. .
245 0 _aDurgeshnandini /
_cBankim Ch. Chattopadhyaya.
_hTextual Documents
250 _a1st ed. /
260 _aCalcutta :
_bBangio Sahitya Parishad ,
_c1345.
300 _a166p. ;
_c24cm.
653 _aBengali Drama
653 _aG-Bengali
942 _2ddc
_cBK
999 _c30247
_d30247